[Event "Dieren op"]
[Site "Dieren"]
[Date "1989.??.??"]
[Round "5"]
[White "Hegeler, Frank"]
[Black "Sowray, Peter J"]
[Result "1/2-1/2"]
[WhiteElo "2240"]
[BlackElo "2330"]

1.d4 d5 2.c4 Nc6 3.Nc3 dxc4 4.Nf3 Nf6 5.d5 Na5 6.Qa4+ c6 7.b4 b5 8.Qxa5 Qxa5
9.bxa5 b4 10.Nd1 cxd5 11.a3 b3 12.Bb2 Bf5 13.g3 e6 14.Nh4 Be4 15.f3 Bc2 16.Ne3 Bg6
17.Nxg6 hxg6 18.Nxc4 dxc4 19.e4 Rc8 20.Rc1 c3 21.Bb5+ Kd8 22.Rxc3 Rxc3 23.Bxc3 Bxa3
24.O-O Rh5 25.e5 Nd5 26.Bd4 b2 27.Rb1 Ke7 28.f4 Rh8 29.Bxb2 Bc5+ 30.Kf1 Rxh2
31.Rc1 Rh1+ 32.Kg2 Rxc1 33.Bxc1 Bb4 34.a6 Bc5 35.Kf3 Kd8 36.Bd2 Bb6 37.Ke4 Nc7
38.Bc4 Kd7 39.Bb4 Kc6 40.g4 Bc5 41.Ba5 Nd5 42.Bd2 Bb4 43.Be3 Bc5 44.Bd2 Bb6
45.Bb3 Kc5 46.Ba4 Kc4 47.Bd1 Bg1 48.Be2+ Kc5 49.Ba5 Be3 50.Be1 Bg1 51.Ba5 Bf2
52.Bf1 Be3 53.Be1 Bg1 54.Ba5 f5+ 55.exf6 gxf6 56.Be2 f5+ 57.Kf3 Be3 58.gxf5 gxf5
59.Be1 Kd4 60.Bg3 Nc3 61.Bf1 Nd5 62.Bb5 Nf6 63.Bf1 Ne4 64.Be1 Bd2 65.Bh4 Bb4
66.Bb5 Bc5  1/2-1/2

[Event "FRA-chT"]
[Site "?"]
[Date "1989.??.??"]
[Round "?"]
[White "Guidez, Yann Michel"]
[Black "Dubois, Jean Marie"]
[Result "1-0"]
[WhiteElo "2200"]
[BlackElo "2305"]

1.d4 d5 2.c4 Nc6 3.Nc3 Nf6 4.Nf3 dxc4 5.e3 e5 6.Bxc4 exd4 7.exd4 Bd6 8.O-O O-O
9.Bg5 h6 10.Bh4 Bg4 11.Kh1 g5 12.Bg3 Ne7 13.Qd3 Bf5 14.Qd2 Nh5 15.Rae1 Ng6
16.Ne4 Nhf4 17.Qa5 Bg4 18.Ne5 Bxe5 19.dxe5 Kg7 20.Qc3 Be6 21.Nc5 Bxc4 22.e6+ Qf6
23.Qxc4 fxe6 24.Nd7 Qf7 25.Nxf8 Rxf8 26.Qe4 c6 27.Rd1 e5 28.Rd6 Qf5 29.Qxf5 Rxf5
30.Bxf4 exf4 31.Re1 Rb5 32.b3 Ne5 33.h4 Ng4 34.h5 Nxf2+ 35.Kg1 Ng4 36.Re7+ Kf8
37.Rc7 Ke8 38.Rg6 Kf8 39.Kf1 Re5 40.Rd6 Nh2+ 41.Kg1 Ng4 42.Rd8+ Re8 43.Rxe8+ Kxe8
44.Rxb7 Nf6 45.Rxa7 Nxh5 46.Rc7 Ng3 47.Rxc6 h5 48.Rc7 Kd8 49.Rh7 Kc8 50.b4 g4
51.a4 Kb8 52.a5 Ne2+ 53.Kf2 Nd4 54.Rxh5 g3+ 55.Kg1 f3 56.gxf3 Nxf3+ 57.Kg2 Nd2
58.b5 Nc4 59.Rh8+ Ka7 60.Rh7+ Kb8 61.a6 Ka8 62.Kxg3 Nb6 63.Kf3 Nd5 64.Rh5 Nf6  1-0

[Event "FRA-chT"]
[Site "?"]
[Date "1989.??.??"]
[Round "?"]
[White "Garrido, D."]
[Black "Chaplin, Erik"]
[Result "1-0"]
[WhiteElo "2030"]
[BlackElo "2040"]

1.d4 d5 2.c4 Nc6 3.Nc3 e5 4.cxd5 Nxd4 5.e3 Nf5 6.Nf3 Bd6 7.Bc4 Nf6 8.e4 Ne7
9.h3 O-O 10.O-O Ng6 11.a3 h6 12.Be2 a6 13.Be3 Qe7 14.b4 Nf4 15.Nd2 a5 16.bxa5 c6
17.Nc4 cxd5 18.exd5 Bd7 19.Bxf4 exf4 20.Re1 Rfe8 21.Qb3 Bc5 22.Kf1 Ne4 23.Bf3 Qh4
24.Nxe4 Rxe4 25.Ra2 Rxe1+ 26.Kxe1 Re8+ 27.Kf1 Bxh3 28.Qc3 Bg4 29.Ne5 Qh1+
30.Ke2 Bxf3+ 31.Kxf3 Qd1+ 32.Re2 Bd4 33.Qd3 Qa4 34.Nc4 Rxe2 35.Kxe2 Qe8+
36.Kf3 Bc5 37.d6 Qc6+ 38.Qe4 Kf8 39.Qxc6 bxc6 40.Kxf4 Ke8 41.a6 Kd7 42.f3 Kc8
43.a4 Ba7 44.Ne5 Bb8 45.a7 Bxa7 46.d7+ Kc7 47.d8=Q+  1-0

[Event "Frunze"]
[Site "Frunze"]
[Date "1989.??.??"]
[Round "?"]
[White "Howell, James C"]
[Black "Lin Weiguo"]
[Result "1-0"]
[WhiteElo "2440"]
[BlackElo "2465"]

1.d4 d5 2.c4 Nc6 3.Nc3 Nf6 4.Nf3 Bg4 5.cxd5 Nxd5 6.e4 Bxf3 7.gxf3 Nxc3 8.bxc3 Qd7
9.Rb1 Nd8 10.f4 e6 11.Bg2 Be7 12.c4 O-O 13.O-O c6 14.Be3 Kh8 15.Qb3 Qe8 16.e5 f6
17.d5 fxe5 18.fxe5 exd5 19.cxd5 cxd5 20.Qxd5 Qg6 21.Kh1 Rc8 22.Qd7 Nc6 23.Rxb7 Ba3
24.Rc7 Rxc7 25.Qxc7 Nb4 26.Qxa7 Nc2 27.Bc5 Bxc5 28.Qxc5 Rd8 29.e6 Qd3 30.e7 Rg8
31.Rc1 Nd4 32.Qd5  1-0

[Event "Regionalliga NordN"]
[Site "Germany"]
[Date "1989.??.??"]
[Round "?"]
[White "Feick, Stefan"]
[Black "Storm, Roland"]
[Result "1-0"]
[WhiteElo "2355"]
[BlackElo "2315"]

1.d4 d5 2.c4 Nc6 3.Nc3 Nf6 4.cxd5 Nxd5 5.Nf3 Bg4 6.e4 Nxc3 7.bxc3 a6 8.Rb1 Qc8
9.Qb3 b5 10.a4 bxa4 11.Qxa4 Bd7 12.Qa2 e6 13.d5 exd5 14.exd5 Nb8 15.Bc4 Bd6
16.Qe2+ Kf8 17.O-O Bg4 18.h3 h5 19.Ra1 Nd7 20.Ba3 Qd8 21.Qe3 Bxf3 22.Qxf3 Ne5
23.Qe2 Ng6 24.Qe4 Qf6 25.Rfe1 Kg8 26.Bxd6 cxd6 27.Rxa6 Rxa6 28.Bxa6 Qxc3
29.f4 f5 30.Qe6+ Kh7 31.Re3 Qd4 32.Kh1 Rf8 33.Re1 Rf6 34.Qe2 Nxf4 35.Qf3 Rg6
36.Rf1 Qb2 37.Rf2 Qc1+ 38.Kh2 Nxg2 39.Qxh5+ Rh6 40.Qxf5+ Kh8 41.Qf8+  1-0

[Event "BL2-SW8889"]
[Site "Germany"]
[Date "1989.??.??"]
[Round "?"]
[White "Burkart, Patrick"]
[Black "Haubt, Georg"]
[Result "1-0"]
[WhiteElo "2270"]
[BlackElo "2290"]

1.d4 d5 2.c4 Nc6 3.Nc3 Nf6 4.Nf3 Bg4 5.cxd5 Nxd5 6.e4 Bxf3 7.gxf3 Nxc3 8.bxc3 e5
9.Rb1 Na5 10.Rb5 b6 11.Qa4 Qd7 12.Rxa5  1-0

[Event "Karvina op"]
[Site "Karvina"]
[Date "1989.??.??"]
[Round "10"]
[White "Zpevak, Pavel"]
[Black "Krajina, Ales"]
[Result "1-0"]
[WhiteElo "2350"]
[BlackElo "2240"]

1.d4 d5 2.c4 Nc6 3.Nc3 e5 4.cxd5 Nxd4 5.e3 Nf5 6.e4 Nfe7 7.Nf3 Ng6 8.Bb5+ Bd7
9.Qb3 Rb8 10.Be3 c5 11.d6 Nh6 12.Bxc5 Bxb5 13.Nxb5 Qa5+ 14.Nd2 Kd7 15.Bxa7 Rc8
16.Be3 Nf4 17.O-O  1-0

[Event "Lugano op"]
[Site "Lugano"]
[Date "1989.??.??"]
[Round "1"]
[White "Mascarinas, Rico"]
[Black "Sibilio, Mario"]
[Result "0-1"]
[WhiteElo "2465"]
[BlackElo "2280"]

1.d4 d5 2.c4 Nc6 3.Nf3 e5 4.Nxe5 Nxe5 5.dxe5 d4 6.e3 Bc5 7.e4 Qe7 8.Bf4 h5
9.h3 f6 10.Be2 g6 11.exf6 Qxe4 12.Bxc7 Qxg2 13.Bf3 Qg5 14.Qa4+ Kf7 15.Bd5+ Kf8
16.Nd2 Nxf6 17.Qb5 Bb6 18.Nf3 Qf5 19.Be5 Nxd5 20.Qxd5 Rh7 21.Nh4 Qf7 22.Qd6+ Ke8
23.Qxg6 Be6 24.b3 d3 25.Kd2 Bxf2 26.Rhf1 Qxg6 27.Nxg6 Bc5 28.Bc3 Bxh3 29.Rf3 Bg4
30.Re1+ Kd8 31.Rxd3+ Kc7 32.Ne5 Bf5 33.Rd5 Rd8 34.b4 Rxd5+ 35.cxd5 Bd6 36.Nf3 Re7
37.Rxe7+ Bxe7 38.Ke3 Kd6 39.Nd4 Bg6 40.Nb5+ Kxd5 41.Nxa7 Kc4 42.Be1 Bxb4
43.Bxb4 Kxb4 44.Nc8 Bf7 45.Nd6 Bd5 46.Kf4 Kc5  0-1

[Event "JUG-chT"]
[Site "Zlatibor"]
[Date "1989.??.??"]
[Round "?"]
[White "Ostojic, Nikola"]
[Black "Miladinovic, Igor"]
[Result "1-0"]
[WhiteElo "2265"]
[BlackElo "2350"]

1.d4 d5 2.c4 Nc6 3.Nf3 Bg4 4.Nc3 Bxf3 5.gxf3 e6 6.e3 Nf6 7.f4 Be7 8.a3 O-O
9.b4 dxc4 10.Bxc4 Nb8 11.O-O Nbd7 12.Rb1 Nb6 13.Bd3 Nbd5 14.Ne2 c6 15.Bd2 Kh8
16.Ng3 Nc7 17.Qe2 Qd7 18.Kh1 Rad8 19.f3 b6 20.Rg1 c5 21.Qg2 Rg8 22.Ne2 g6
23.Qf2 Nfd5 24.e4 Nf6 25.bxc5 bxc5 26.Bc3 c4 27.Bxc4 Kg7 28.Bd3 Rb8 29.d5 Rgc8
30.Rxb8 Rxb8 31.f5 Kf8 32.fxe6 Nxe6 33.Rd1 Ng7 34.d6 Bd8 35.Bc4 Nfe8 36.Ba2 Rc8
37.Qe3 Rc6 38.e5 Nf5 39.Qd3 Bb6 40.Bd5 Ne3 41.Bxc6 Qxc6 42.Rf1 Nxf1 43.Nd4 Qd5
44.Qxf1 Bxd4 45.Qd3 Ng7 46.Qxd4 Qxf3+ 47.Kg1 Ne6 48.d7 Qa8 49.Qd6+ Kg7 50.Ba5 Qf3
51.d8=Q Nxd8 52.Bxd8 Qe3+ 53.Kf1 Qf3+ 54.Ke1 Qe3+ 55.Kd1 Qb3+ 56.Ke1 Qe3+
57.Kd1 Qb3+ 58.Kd2 Qb2+ 59.Kd3 Qb3+ 60.Kd4 Qb2+ 61.Kc4 Qa2+ 62.Kb5 Qb3+ 63.Ka6  1-0

[Event "Aarhus int-B"]
[Site "Aarhus"]
[Date "1990.??.??"]
[Round "9"]
[White "Bernei, Andras"]
[Black "Kroll, Ove"]
[Result "1/2-1/2"]
[WhiteElo "2330"]
[BlackElo "2340"]

1.d4 d5 2.c4 Nc6 3.Nf3 Bg4 4.Nc3 e6 5.e3 Bb4 6.Bd2 Nf6 7.h3 Bxf3 8.Qxf3 O-O
9.cxd5 exd5 10.Bd3 Re8 11.O-O Bxc3 12.Bxc3  1/2-1/2

[Event "Budapest IM-A"]
[Site "Budapest"]
[Date "1990.??.??"]
[Round "6"]
[White "Nikolaev, Sergej"]
[Black "Mann, Christian"]
[Result "1/2-1/2"]
[WhiteElo "2345"]
[BlackElo "2305"]

1.d4 d5 2.c4 Nc6 3.Nc3 dxc4 4.Nf3 Nf6 5.e4 Bg4 6.Be3 Bxf3 7.gxf3 e5 8.d5 Na5
9.Qa4+ c6 10.b4 cxb3 11.axb3 Nd7 12.b4 cxd5 13.bxa5 d4 14.Bh3 Rc8 15.Nb5 a6
16.Nxd4 exd4 17.Bxd4 Rc6 18.Rd1 Bd6 19.Bxg7 Rg8 20.Bd4 Qc7 21.Ke2 Kf8 22.Rd2 Nc5
23.Bxc5 Rxc5 24.Qd4 Rc6 25.Rb1 Bxh2 26.Qd7 Rd6 27.Rxd6 Bxd6 28.Qc8+ Qxc8
29.Bxc8 Bc7 30.Rxb7 Bxa5 31.Ra7 Bb6 32.Rxa6 Bd4 33.Rd6 Bc5 34.Rd5 Bb6 35.Rb5 Bd4
36.Bh3 Rg6 37.f4 Rb6 38.Rxb6 Bxb6 39.Bf5 h6 40.Kf3 Ke7 41.Kg3 Bc7 42.Kg4 h5+
43.Kf3 Bb6 44.Bh3 Bd4  1/2-1/2

[Event "USA Masters"]
[Site "Chicago"]
[Date "1990.??.??"]
[Round "2"]
[White "Taylor, Timothy"]
[Black "Terrie, Henry L"]
[Result "1-0"]
[WhiteElo "2455"]
[BlackElo "2230"]

1.d4 d5 2.c4 Nc6 3.Nc3 e6 4.Nf3 Bb4 5.Bg5 Bxc3+ 6.bxc3 f6 7.Bf4 Nge7 8.e3 O-O
9.Rc1 Na5 10.Nd2 b6 11.Bd3 Ba6 12.Qe2 Rc8 13.O-O c5 14.Rfd1 Qd7 15.dxc5 Rxc5
16.Nb3 Nxb3 17.axb3 Qc8 18.Bd6 dxc4 19.bxc4 Nf5 20.Bxc5 Qxc5 21.Ra1 Bb7 22.Bxf5 Qxf5
23.Rxa7  1-0

[Event "Lyon zt"]
[Site "Lyon"]
[Date "1990.??.??"]
[Round "2"]
[White "Lautier, Joel"]
[Black "Meulders, Richard"]
[Result "1-0"]
[WhiteElo "2500"]
[BlackElo "2320"]

1.d4 d5 2.c4 Nc6 3.Nc3 e5 4.cxd5 Nxd4 5.e3 Nf5 6.Nf3 Bd6 7.e4 Nfe7 8.Be2 a6
9.a4 Bg4 10.Nd2 Bxe2 11.Qxe2 Nf6 12.Nc4 Nd7 13.f4 Ng6 14.f5 Ngf8 15.Be3 Nf6
16.Na5 Qc8 17.Qc4 N8d7 18.b4 h6 19.Rb1 O-O 20.O-O Ne8 21.Rfc1 Ndf6 22.Qe2 Kh7
23.Qf3 b6 24.Nc4 Qd7 25.g4 g5 26.Kf2 Kg7 27.h4 Nh7 28.Rh1 Nef6 29.Ne2 b5
30.Nd2 a5 31.Qh3 Rh8 32.Ng3 axb4 33.hxg5 Nxg5 34.Qh4 Nxg4+ 35.Qxg4 f6 36.Nh5+ Kf7
37.Nxf6 Kxf6 38.Rxh6+ Rxh6 39.Qxg5+ Kf7 40.Qxh6 Rg8  1-0

[Event "Moscow1"]
[Site "Moscow"]
[Date "1990.??.??"]
[Round "?"]
[White "Yuferov, Sergey  N"]
[Black "Ivanenko, S."]
[Result "1-0"]
[WhiteElo "2435"]
[BlackElo "2350"]

1.d4 d5 2.c4 Nc6 3.e3 e5 4.dxe5 dxc4 5.Qxd8+ Kxd8 6.Nf3 Bg4 7.Bxc4 Bxf3 8.gxf3 Nxe5
9.Be2 Nf6 10.Bd2 Bd6 11.Nc3 c6 12.O-O-O Re8 13.Ne4 Nxe4 14.fxe4 Kc7 15.Rhg1 g6
16.f4 Nd7 17.e5 Bc5 18.Bc4 f6 19.b4 Be7 20.Bf7 Red8 21.e6 Nb6 22.f5 Nc4 23.fxg6 hxg6
24.Rxg6 Rxd2 25.Rxd2 Nxd2 26.Kxd2 Rh8 27.Rg2 Bxb4+ 28.Kd3 Bc5 29.Ke4 f5+
30.Kxf5 Be7 31.e4 b5 32.h4 Bxh4 33.Rh2 Kd8 34.Rd2+ Kc8 35.Rh2 Kd8 36.Rd2+ Kc8
37.Rd6 Rd8 38.Rxc6+ Kb7 39.Rc2 Be7 40.e5 Rc8 41.Rb2 b4 42.Bh5 Rf8+ 43.Ke4 a5
44.Bd1 Rd8 45.Ba4 Kb6 46.Rg2 Bc5 47.Rc2 Be7 48.Rh2 Bc5 49.Bd7 Rf8 50.Rh6 Kc7
51.Kd5 Be7 52.Rh2 Rf3 53.Ke4 Rf1 54.Ba4 Rf8 55.Rd2 Rd8 56.Rc2+ Kb6 57.Kf5 Rg8
58.Rh2 Rg5+ 59.Kf4 Rg7 60.Ke4 Rg4+ 61.Kf3 Rg6 62.Kf4 Rg7 63.Bb3 Kb5 64.Rh8 Kb6
65.Ke4 Rg4+ 66.Kd5 Kc7 67.Ra8 Rg3 68.Ra7+ Kd8 69.Rxa5 Rc3 70.Kd4 Rc6 71.Bc4 Rc8
72.Kd5 Rb8 73.Ke4 Kc7 74.Kf5 Kb6 75.Ra6+ Kb7 76.Rd6 Rd8 77.Rxd8 Bxd8 78.Kg6 Kc6
79.Kf7 Kc5 80.e7 Bxe7 81.Kxe7 Kxc4 82.e6 Kc3 83.Kd6 Kb2 84.Kc5  1-0

[Event "Moscow2"]
[Site "Moscow"]
[Date "1990.??.??"]
[Round "?"]
[White "Yuferov, Sergey  N"]
[Black "Baumhus, Reinhard"]
[Result "1/2-1/2"]
[WhiteElo "2435"]
[BlackElo "2325"]

1.d4 d5 2.c4 Nc6 3.e3 e5 4.dxe5 d4 5.exd4 Qxd4 6.Qxd4 Nxd4 7.Bd3 Bg4 8.h3 Bh5
9.Be3 O-O-O 10.Nd2 Bb4 11.g4 Bg6 12.Bxg6 hxg6 13.O-O-O Ne7 14.Ndf3 Ne6 15.Ne2 Nc6
16.Rxd8+ Rxd8 17.Rd1 Rh8 18.h4 Bc5 19.Bxc5 Nxc5 20.Ned4 Nb4 21.Kb1 Nbd3 22.Rd2 Re8
23.Re2 Nf4 24.Re3 Nfd3 25.Nb3 Nxb3 26.Rxd3 Na5 27.b3 Nc6 28.Re3 Rd8 29.a3 Rd1+
30.Kb2 Rf1 31.Re2 Kd7 32.b4 Ke7 33.Kc2 a5 34.b5 Nd8 35.Kd2 Ne6 36.Kc2 Nf4
37.Rd2 Nh3 38.Ng5 Nxf2 39.e6 fxe6 40.Re2 Nxg4 41.Rxe6+ Kf8 42.b6 cxb6 43.Rxb6 Ne3+
44.Kd3 Nf5 45.Rxb7 Rd1+ 46.Kc2 Rh1 47.c5 Rxh4 48.Kc3 Ke8 49.Ra7 Ra4 50.Ne6 Rxa3+
51.Kc4 Ra1 52.Nxg7+ Nxg7 53.Rxg7 a4  1/2-1/2

[Event "Moscow4"]
[Site "Moscow"]
[Date "1990.??.??"]
[Round "?"]
[White "Gavrilov, Alexei"]
[Black "Garkov, Mitko"]
[Result "0-1"]
[WhiteElo "2365"]
[BlackElo "2315"]

1.d4 d5 2.c4 Nc6 3.Nf3 e6 4.Nc3 Nf6 5.Bg5 Be7 6.e3 h6 7.Bxf6 Bxf6 8.cxd5 exd5
9.Bb5 O-O 10.Bxc6 bxc6 11.Na4 Be7 12.Qc2 Bb4+ 13.Kf1 Ba6+ 14.Kg1 Bd6 15.Qxc6 Bd3
16.Qc3 Bh7 17.Nc5 Qc8 18.h3 Rb8 19.Nd2 f5 20.f4 g5 21.g3 Rf7 22.Nf3 Rg7 23.Kh2 Qe8
24.Ne5 Kh8 25.b3 h5 26.Rhg1 h4 27.gxh4 g4 28.hxg4 fxg4 29.Kg3 Bf5 30.Rh1 Rh7
31.Rh2 Be7 32.Rah1 Rb6 33.h5 Rbh6 34.Qb2 Kg8 35.b4 Bxc5 36.dxc5 Be4 37.Nxg4 Rg7
38.Rg1 Bf5 39.Kf2 Bxg4 40.Rh4 Qe6 41.b5 d4 42.e4 Rf6 43.Qd2 Rxf4+ 44.Qxf4 Qxa2+
45.Kg3 Be6+ 46.Kf3 Rxg1  0-1

[Event "RLPF-chB"]
[Site "Polch"]
[Date "1990.??.??"]
[Round "?"]
[White "May, Frank"]
[Black "Ramroth, Stefan"]
[Result "1/2-1/2"]
[WhiteElo "2020"]
[BlackElo "1890"]

1.d4 d5 2.c4 Nc6 3.cxd5 Qxd5 4.Nf3 Bg4 5.Nc3 Qh5 6.Bf4 O-O-O 7.d5 Bxf3 8.gxf3 e6
9.Rg1 Qf5 10.e3 Bb4 11.Qb3 exd5 12.Rg5 Qf6 13.Bh3+ Kb8 14.Ke2 Nd4+ 15.exd4 Qxf4
16.Rxd5 Re8+ 17.Kf1  1/2-1/2

[Event "Bohemians-B"]
[Site "Prague"]
[Date "1990.??.??"]
[Round "?"]
[White "Szymczak, Zbigniew"]
[Black "Boog, Alexandre"]
[Result "0-1"]
[WhiteElo "2345"]
[BlackElo "2270"]

1.d4 d5 2.c4 Nc6 3.Nc3 e5 4.Nf3 exd4 5.Nxd5 Nge7 6.Nf4 Nf5 7.g3 g6 8.Nd5 h6
9.Bg2 Be6 10.g4 Nd6 11.Nxd4 Nxc4 12.Nxc6 bxc6 13.Nc3 Qxd1+ 14.Kxd1 O-O-O+
15.Kc2 Bxg4 16.Bxc6 Bg7 17.f3 Be6 18.Be4 Rd7 19.b3 Nd6 20.Bc6 Rdd8 21.e4 f5
22.Be3 Rhf8 23.Rae1 Bd7 24.Bxd7+ Rxd7 25.e5 Bxe5 26.Bxh6 Rh8 27.Rxe5 Rxh6
28.Nd5 Kd8 29.Nb4 Rdh7 30.Re2 Kd7 31.a4 g5 32.Nd3 f4 33.Ne5+ Kc8 34.Ng4 Rh3
35.Re5 Rxf3 36.Rxg5 Ne4 37.Rg8+ Kb7 38.Re1 Nf6 39.Nxf6 Rxh2+ 40.Kc1 Rc3+
41.Kd1 Rcc2 42.Rh1 Rhd2+ 43.Ke1 f3 44.Ng4 Re2+ 45.Kd1  0-1

[Event "Vysehrad-B"]
[Site "Prague"]
[Date "1990.??.??"]
[Round "9"]
[White "Riedel, Wolfgang"]
[Black "Boog, Alexandre"]
[Result "1-0"]
[WhiteElo "2305"]
[BlackElo "2270"]

1.d4 d5 2.c4 Nc6 3.Nc3 e5 4.cxd5 Nxd4 5.e3 Nf5 6.Nf3 Bd6 7.e4 Nfe7 8.Bg5 a6
9.Be2 h6 10.Be3 Nf6 11.Nd2 b5 12.a3 Ng6 13.g3 Bh3 14.Bf1 Bd7 15.Be2 Bh3 16.Bf1 Bd7
17.Be2 Qc8 18.h4 h5 19.f3 Ng8 20.Rc1 N8e7 21.Bd3 Qb8 22.Kf2 Qc8 23.Kg2 O-O
24.Qe2 c5 25.dxc6 Bxc6 26.Bb1 Qb7 27.Rhd1 Rfd8 28.Ba2 a5 29.Nd5 Nxd5 30.exd5 Bd7
31.Ne4 Ra6 32.Bc5 Bf5 33.Nxd6 Rdxd6 34.Bxd6 Rxd6 35.Rc5 Qd7 36.Qxb5 Bh3+
37.Kh2 Qf5 38.Qd3 Qf6 39.Kxh3 e4 40.Qxe4 Qxb2 41.Rc8+ Kh7 42.Qf5  1-0

[Event "Wch Girls U20"]
[Site "Santiago"]
[Date "1990.??.??"]
[Round "?"]
[White "Botsari Miladinovic, Anna Maria"]
[Black "Cosma, Elena Luminita"]
[Result "1/2-1/2"]
[WhiteElo "2255"]
[BlackElo "2160"]

1.d4 d5 2.c4 Nc6 3.Nc3 dxc4 4.Nf3 Nf6 5.e3 Bg4 6.Bxc4 e6 7.h3 Bh5 8.O-O a6
9.a3 Be7 10.Qe2 O-O 11.Rd1 Qc8 12.g4 Bg6 13.e4 b5 14.Ba2 b4 15.axb4 Nxb4
16.Bc4 Qb7 17.d5 exd5 18.exd5 Bd6 19.Nd4 Rfe8 20.Qf3 Nc2 21.Nxc2 Bxc2 22.Rf1 Bb3
23.Qd3 Bxc4 24.Qxc4 Qb4 25.Ra4 Qxc4 26.Rxc4 Rab8  1/2-1/2

[Event "GRE-ch"]
[Site "Serres"]
[Date "1990.??.??"]
[Round "6"]
[White "Botsari Miladinovic, Anna Maria"]
[Black "Psaras, Stilianos"]
[Result "1-0"]
[WhiteElo "2205"]
[BlackElo "2270"]

1.d4 d5 2.c4 Nc6 3.Nf3 Bg4 4.Nc3 Nf6 5.Ne5 dxc4 6.Nxc6 bxc6 7.Qa4 Qd7 8.Qxc4 Rd8
9.Bg5 Nd5 10.Rd1 f6 11.Bc1 Nb6 12.Qb3 g6 13.f3 Be6 14.Qc2 f5 15.e3 Bg7 16.b4 O-O
17.Be2 f4 18.e4 Bxd4 19.Bb2 Qd6 20.Rxd4 Qxd4 21.Nd5 Qxb2 22.Nxe7+ Kf7 23.Qxb2 Kxe7
24.Qe5 Rd6 25.O-O Nd7 26.Qg5+ Ke8 27.Rd1 Nb6 28.Qe5 Kd7 29.Qc5 Bc4 30.Re1 Bxe2
31.Rxe2 Rd1+ 32.Kf2 Rf6 33.Qc2 Rfd6 34.e5 R6d3 35.e6+ Ke7 36.Qc5+ Rd6 37.Qg5+ Ke8
38.Qxf4  1-0

[Event "GRE-ch"]
[Site "Serres"]
[Date "1990.??.??"]
[Round "13"]
[White "Botsari Miladinovic, Anna Maria"]
[Black "Kanavarakis, D."]
[Result "0-1"]
[WhiteElo "2205"]
[BlackElo "2200"]

1.d4 d5 2.c4 Nc6 3.Nc3 Nf6 4.Nf3 Bg4 5.Ne5 Nxe5 6.dxe5 d4 7.Nb5 c6 8.Nxd4 Qa5+
9.Qd2 Qxe5 10.Qf4 Qxf4 11.Bxf4 e5 12.Bxe5 Bb4+ 13.Kd1 Ne4 14.Kc2 Nxf2 15.Rg1 f6
16.Bf4 O-O-O 17.Be3 Bc5 18.Bxf2 Bxd4 19.Bxd4 Rxd4 20.e3 Rd7 21.Bd3 g6 22.h3 Rhd8
23.Be4 Be2 24.Kc3 f5 25.Rae1 Bxc4 26.Bc2 Bd3 27.Bb3 Re7 28.g4 Re5 29.a4 a5
30.Bf7 Rc5+ 31.Kb3 Be4 32.Be6+ Kb8 33.gxf5 gxf5 34.Rg7 Rd2 35.Rxh7 Rcc2 36.Rb1 Re2
37.Rg1 Rxe3+ 38.Ka2 Ree2 39.Rg8+ Ka7 40.h4 Rxb2+ 41.Ka3 Rbd2 42.Rg3 Bd5 43.Bxd5 cxd5
44.h5 d4 45.Kb3 f4 46.Rg4 Rc2  0-1

[Event "JUG-Cup"]
[Site "Svetozarevo"]
[Date "1990.??.??"]
[Round "?"]
[White "Komnenic, Branko"]
[Black "Miladinovic, Igor"]
[Result "1/2-1/2"]
[WhiteElo "2320"]
[BlackElo "2360"]

1.d4 d5 2.c4 Nc6 3.Nf3 Bg4 4.cxd5 Bxf3 5.gxf3 Qxd5 6.e3 e5 7.Nc3 Bb4 8.Bd2 Bxc3
9.bxc3 Qd6 10.f4 exf4 11.e4 O-O-O 12.Qg4+ Kb8 13.Qxf4 Re8 14.Bg2 Nf6 15.Qxd6 cxd6
16.f3 Nd5 17.Kf2 Nb6 18.Bf4 Kc7 19.c4 Nxc4 20.Rhc1 b5 21.a4 a6 22.axb5 axb5
23.d5 Ne7 24.Bf1 Ra8 25.Rab1 Rhb8 26.Bxc4 bxc4 27.Rxc4+ Kd7 28.Rbc1 Ra2+  1/2-1/2

[Event "USA op"]
[Site "USA"]
[Date "1990.??.??"]
[Round "?"]
[White "Shirazi, Kamran G"]
[Black "Schiller, Eric"]
[Result "1-0"]
[WhiteElo "2420"]
[BlackElo "2270"]

1.d4 d5 2.c4 Nc6 3.Nc3 dxc4 4.e3 e6 5.Bxc4 a6 6.Nf3 Bd6 7.e4 Nge7 8.a3 Ng6
9.e5 Be7 10.Be3 O-O 11.h4 b5 12.Bd3 f5 13.exf6 Rxf6 14.Ne4 Rxf3 15.Qxf3 Nxh4
16.Rxh4 Bxh4 17.Nc5 Qd6 18.Qh5 Bf6 19.Qe8+  1-0

[Event "Vienna op"]
[Site "Vienna"]
[Date "1990.??.??"]
[Round "3"]
[White "Spraggett, Kevin"]
[Black "Perovic, Dragan"]
[Result "0-1"]
[WhiteElo "2540"]
[BlackElo "2390"]

1.d4 d5 2.c4 Nc6 3.Nf3 Bg4 4.Nc3 e6 5.e3 Bb4 6.a3 Bxc3+ 7.bxc3 Nf6 8.cxd5 exd5
9.h3 Bh5 10.c4 O-O 11.Bb2 Ne4 12.Qa4 a6 13.Qc2 Bg6 14.Bd3 Re8 15.O-O Rc8
16.Rac1 dxc4 17.Qxc4 Na5 18.Qc2 c5 19.Ne5 Qd5 20.Nxg6 hxg6 21.dxc5 Nxc5 22.Qc3 Ne6
23.Qxc8 Rxc8 24.Rxc8+ Kh7 25.Rd1 Qb3 26.Rd2 Nc6 27.Be4 Qa4 28.Bf3 Qa5 29.Rd1 Qb5
30.Rd2 Qa5 31.Re2 Qb5 32.h4 Qd3 33.Ra8 g5 34.Re1 f5 35.Bxc6 bxc6 36.Be5 c5
37.h5 Qd5 38.Re8 Qxe5 39.Rb1 Qd6 40.Rbb8 Qd1+ 41.Kh2 Qxh5+ 42.Kg1 Qf7 43.Rh8+ Kg6
44.Rb6 Qd7 45.Ra8 Kh7 46.Raxa6 Qd1+ 47.Kh2 Nc7 48.Ra7 Nd5 49.Rd6 Qh5+ 50.Kg1 Nc3
51.Rdd7 Qh6 52.a4 g4 53.a5 g3 54.fxg3 Qxe3+ 55.Kh2 Qh6+ 56.Kg1 Ne2+ 57.Kf2 Nd4
58.a6 Qd2+ 59.Kg1 Qe1+ 60.Kh2 Ne2 61.Rxg7+ Kh6  0-1

[Event "Vienna op"]
[Site "Vienna"]
[Date "1990.??.??"]
[Round "6"]
[White "Burgess, Graham"]
[Black "Perovic, Dragan"]
[Result "1/2-1/2"]
[WhiteElo "2335"]
[BlackElo "2390"]

1.d4 d5 2.c4 Nc6 3.Nc3 Nf6 4.Nf3 e6 5.Bg5 Bb4 6.e3 h6 7.Bxf6 Qxf6 8.Rc1 O-O
9.a3 Bxc3+ 10.Rxc3 dxc4 11.Bxc4 e5 12.Nxe5 Nxe5 13.dxe5 Qxe5 14.O-O Bf5 15.Qb3 b6
16.Rd1 Qe7 17.Bd3 Bg4 18.f3 Be6 19.Bc4 Bxc4 20.Qxc4 c5 21.Rcd3 Rad8 22.e4 Rxd3
23.Qxd3 Rc8 24.Qd7 Rc7 25.Qxe7 Rxe7 26.Rd8+ Kh7 27.Kf2 Kg6 28.g4 h5 29.h3 hxg4
30.hxg4 Kf6 31.Ke3 Rc7 32.f4 Ke7 33.Rg8 g6 34.f5 gxf5 35.gxf5 c4 36.Kd4 b5
37.e5 Rd7+ 38.Kc5 Rd2 39.Kxb5 Rd5+ 40.Kxc4 Rxe5 41.Rb8 Kf6 42.b4 Kxf5 43.Rb7 a5
44.b5 Ke6 45.Ra7 f5 46.Rxa5 f4 47.Ra6+ Ke7 48.Rh6 f3 49.Rh1 Kd6 50.Rh6+ Ke7
51.Rh7+ Ke6 52.Rh6+ Ke7 53.Rh1 Kd6 54.Rd1+ Kc7 55.Rf1 Kb6 56.a4 Re4+ 57.Kb3  1/2-1/2

[Event "Yaroslavl"]
[Site "Yaroslavl"]
[Date "1990.??.??"]
[Round "?"]
[White "Alber, Horst"]
[Black "Masternak, Grzegorz"]
[Result "1-0"]
[WhiteElo "2325"]
[BlackElo "2360"]

1.d4 d5 2.c4 Nc6 3.cxd5 Qxd5 4.Nf3 Bg4 5.Nc3 Qa5 6.e3 Nf6 7.Bd2 e6 8.Bb5 Qb6
9.h3 Bxf3 10.Qxf3 O-O-O 11.Rc1 Nb4 12.Qe2 a6 13.Bc4 Qc6 14.O-O Ne4 15.Nxe4 Qxe4
16.f3 Qh4 17.Bxb4 Bxb4 18.Bxa6 Bd6 19.Bd3 Qg3 20.f4 g5 21.Rf3 Qh4 22.Rc4 Rhg8
23.e4 g4 24.hxg4 Qxg4 25.e5 Be7 26.Be4 Rxd4 27.Rxd4 Bc5 28.Kf1 Bxd4 29.Qd2 Bb6
30.Rd3 Qh4 31.Bf3 Qh2 32.a4 Qg1+ 33.Ke2 Qf2+ 34.Kd1 Qg1+ 35.Kc2 Qc5+ 36.Qc3 Qxc3+
37.Kxc3 c6 38.b4 Bc7  1-0

[Event "AUT-chT"]
[Site "?"]
[Date "1991.??.??"]
[Round "?"]
[White "Herndl, Harald"]
[Black "Dueckstein, Andreas"]
[Result "1-0"]
[WhiteElo "2300"]
[BlackElo "2370"]

1.d4 d5 2.c4 Nc6 3.Nc3 e5 4.cxd5 Nxd4 5.e3 Nf5 6.Nf3 Bd6 7.Bb5+ Bd7 8.e4 Nfe7
9.Qb3 b6 10.O-O Nf6 11.Bg5 a6 12.Bxd7+ Nxd7 13.Nd2 h6 14.Bh4 O-O 15.Ne2 g5
16.Bg3 Ng6 17.Nc4 Bc5 18.Qc3 Qe7 19.a3 a5 20.Ne3 Bxe3 21.fxe3 Nc5 22.Qc2 a4
23.Be1 Qd7 24.Ng3 Qb5 25.Bb4 f6 26.Nh5 Rf7 27.Nxf6+ Kh8 28.Ng4 Rxf1+ 29.Rxf1 h5
30.Nh6 Kg7 31.Nf5+ Kh7 32.Rc1 Na6 33.Qd1 g4 34.h3 Nxb4 35.Rxc7+ Kh8 36.axb4 Qxb4
37.hxg4 Qxe4 38.Qc1 Rg8 39.Qc6  1-0

[Event "URS-chT"]
[Site "Azov"]
[Date "1991.??.??"]
[Round "?"]
[White "Neverov, Valeriy"]
[Black "Maljutin, Evgeni"]
[Result "1-0"]
[WhiteElo "2540"]
[BlackElo "2435"]

1.d4 d5 2.c4 Nc6 3.Nf3 e5 4.e3 Bg4 5.cxd5 Qxd5 6.Be2 exd4 7.exd4 O-O-O 8.Nc3 Qd7
9.d5 Nb4 10.O-O Nf6 11.Qb3 Nbxd5 12.Ne5 Qf5 13.Nxg4 Nxc3 14.bxc3 Nxg4 15.Rb1 b6
16.Qa4 h5 17.Bf4 Rd5 18.Qe8+ Kb7 19.Bf3 Nf6 20.Qxf7 Qxf4 21.Bxd5+ Kb8 22.g3 Qg5
23.Bg2 h4 24.Qc4 hxg3 25.Qc6 gxf2+ 26.Rxf2 Kc8 27.Rd1 Bd6 28.Qa8+  1-0

[Event "Cansys IM-A"]
[Site "Budapest"]
[Date "1991.??.??"]
[Round "6"]
[White "Petronic, Jovan"]
[Black "Baumhus, Reinhard"]
[Result "1-0"]
[WhiteElo "2355"]
[BlackElo "2405"]

1.d4 d5 2.c4 Nc6 3.Nc3 dxc4 4.d5 Ne5 5.Qd4 f6 6.e4 Nd3+ 7.Bxd3 cxd3 8.Be3 e5
9.Qxd3 a6 10.Rd1 Bd6 11.Nge2 Ne7 12.O-O g5 13.Ng3 h5 14.f3 Bd7 15.Nf5 Nxf5
16.exf5 Qe7 17.Rf2 Kf8 18.g4 hxg4 19.fxg4 Rh4 20.Qe4 Kf7 21.Kg2 Rah8 22.Rh1 c6
23.h3 Kf8 24.Rf3 Qh7 25.Bf2 Rh6 26.Qd3 Qe7 27.Rd1 cxd5 28.Qxd5 Bc6 29.Qxd6 Bxf3+
30.Kxf3 Rxh3+ 31.Ke2 Qxd6 32.Rxd6 Ke7 33.Re6+ Kf7 34.Ne4 R8h6 35.Nd6+ Kg7
36.Nxb7 Rh1 37.Nd6 Rb1 38.Ne8+ Kf8 39.Bc5+ Kg8 40.Nxf6+ Kf7 41.Ne4 Rxb2+
42.Kd3 Rxe6 43.Nxg5+ Kf6 44.Nxe6 Rxa2 45.Bb6 Ra4 46.Bd8+ Kf7 47.g5 Rg4 48.g6+ Ke8
49.Bg5  1-0

[Event "Cappelle op"]
[Site "Cappelle la Grande"]
[Date "1991.??.??"]
[Round "7"]
[White "Hoffman, Alejandro"]
[Black "Dubois, Jean Marie"]
[Result "0-1"]
[WhiteElo "2415"]
[BlackElo "2285"]

1.d4 d5 2.c4 Nc6 3.e3 e6 4.Nf3 Nge7 5.Nc3 g6 6.a3 Bg7 7.cxd5 exd5 8.b4 a6
9.Qb3 O-O 10.Be2 Be6 11.O-O Nf5 12.Na4 Nd6 13.Nc5 Qe7 14.Bb2 Nd8 15.a4 Ne4
16.Rfc1 Nxc5 17.Rxc5 c6 18.Rcc1 Re8 19.Ba3 b5 20.Bb2 Rb8 21.axb5 axb5 22.Ra3 Bg4
23.Bc3 Ne6 24.Bd2 Ra8 25.Rxa8 Rxa8 26.Rxc6 Bxf3 27.Bxf3 Nxd4 28.exd4 Ra1+
29.Qd1 Rxd1+ 30.Bxd1 Bxd4 31.g3 Qd7  0-1